Základné princípy systémov business intelligence

Gespeichert in:
Bibliographische Detailangaben
1. Verfasser: Hudec, Miroslav, 1969-
Körperschaft: Ekonomická univerzita v Bratislave. Fakulta hospodárskej informatiky
Weitere Verfasser: Mináriková, Erika, 1996-, Horniaková, Veronika, 1990-, Pittner, Ján, Němec, Radek
Format: Buch
Sprache:Slowakisch
Veröffentlicht: Bratislava Vydavateľstvo EKONÓM 2022
Ausgabe:1. vydanie
Schlagworte:
Tags: Tag hinzufügen
Keine Tags, Fügen Sie das erste Tag hinzu!

MARC

LEADER 00000nam a2200000 4500
001 0289615
005 20240502074434.5
020 |a 978-80-225-4994-3 
041 0 |a slo 
044 |a SK 
245 1 0 |a Základné princípy systémov business intelligence  |c Miroslav Hudec, Erika Mináriková ; recenzenti: Veronika Horniaková, Ján Pittner, Radek Němec 
250 |a 1. vydanie 
264 1 |a Bratislava  |b Vydavateľstvo EKONÓM  |c 2022 
300 |a 107 s. [6,20 AH] 
610 2 0 |a business intelligence 
610 2 0 |a systémy informačné 
610 2 0 |a technológie informačné 
610 2 0 |a dáta 
610 2 0 |a spracovanie dát 
610 2 0 |a analýza dát 
610 2 0 |a modelovanie 
100 1 |a Hudec, Miroslav, 1969- 
700 1 |a Mináriková, Erika, 1996- 
700 1 |a Horniaková, Veronika, 1990- 
700 1 |a Pittner, Ján 
700 1 |a Němec, Radek 
710 2 |a Ekonomická univerzita v Bratislave. Fakulta hospodárskej informatiky